000 00670nam a2200241Ia 4500
003 OSt
005 20220924131809.0
006 a|||||r|||| 00| 0
007 ta
008 220923b |||||||| |||| 00| 0 tel d
024 _a347678
037 _cTextual
040 _aARTS
_cARTS
_btel
041 _2tel
_atel
082 _aR65,6, 35N2
100 _aNanduri Subrahmanya Sharma Au.
_9202891
245 0 _aGeeta Hrudayam
260 _aVijayawada
_bArsha Vignana Grantha Mala India
_c1992
300 _a126p.
_ccm.
650 _aBHAGAVAD GITA
942 _hR65,6, 35N2
_cTEXL
_2CC
999 _c428216
_d428216